[Event "EU-ch Cities&Town U18 op"]
[Site "Tornelo INT"]
[Date "2023.01.29"]
[Round "?"]
[White "Ozugur, Bartu Okan"]
[Black "Sahin, Zeynep Duru"]
[Result "0-1"]
[WhiteElo "1177"]
[BlackElo "1385"]
[PlyCount "72"]
[EventDate "2023.01.29"]
[EventType "team-swiss"]
[EventRounds "9"]
[EventCountry "NET"]
[SourceTitle "CBM 212 Extra"]
[Source "ChessBase"]
[SourceDate "2023.03.31"]
[SourceVersion "1"]
[SourceVersionDate "2023.03.31"]
[SourceQuality "1"]
[WhiteTeam "Ankara"]
[BlackTeam "Istanbul"]
[WhiteTeamCountry "TUR"]
[BlackTeamCountry "TUR"]

1. e4 e6 2. d4 d5 3. Nd2 Nf6 4. e5 Nfd7 5. f4 c5 6. c3 Nc6 7. Ngf3 Qb6 8. Nb3 a5 9. a4 cxd4 10. cxd4 Bb4+ 11. Kf2 f6 12. Bb5 fxe5 13. fxe5 0-0 14. Kg3 Be7 15. Rf1 Qd8 16. h3 Qe8 17. Be3 Qg6+ 18. Kh2 Nb4 19. Rc1 Nb6 20. Qe2 Bd7 21. Bxd7 Nxd7 22. Qb5 Rfd8 23. Nxa5 b6 24. Nc6 Nxc6 25. Qxc6 Rac8 26. Qxc8 Rxc8 27. Rxc8+ Nf8 28. Bg5 Bb4 29. Bd2 Be7 30. Ne1 h6 31. Nf3 Qd3 32. Re8 Qxf1 33. Rxe7 Qb1 34. Re8 Qxb2 35. Kg3 Kf7 36. Rb8 Qb3 0-1

[Event "Wch U12"]
[Site "Batumi"]
[Date "2022.09.25"]
[Round "9"]
[White "Nithik, Reddy Bhavanam"]
[Black "Ozugur, Bartu Okan"]
[Result "1-0"]
[WhiteElo "1367"]
[BlackElo "1197"]
[PlyCount "44"]
[EventDate "2022.09.16"]
[EventType "swiss"]
[EventRounds "11"]
[EventCountry "GEO"]
[SourceTitle "EXT 2023"]
[Source "ChessBase"]
[SourceDate "2022.10.05"]
[SourceVersion "1"]
[SourceVersionDate "2022.10.05"]
[SourceQuality "1"]

1. d4 Nf6 2. Bf4 g6 3. e3 Bg7 4. Nf3 d6 5. h3 Nbd7 6. Nbd2 Nd5 7. Bh2 e5 8. dxe5 Nxe5 9. Nxe5 dxe5 10. Nc4 e4 11. Nd6+ cxd6 12. Qxd5 0-0 13. c3 Qb6 14. Qb3 Qxb3 15. axb3 Be6 16. b4 a6 17. Be2 Bd7 18. Rd1 Bc6 19. Rd2 Rfe8 20. Bg3 Be5 21. 0-0 f5 22. Bxe5 Rxe5 1-0

[Event "Wch U12"]
[Site "Batumi"]
[Date "2022.09.21"]
[Round "6"]
[White "Mefteh, Mohamed"]
[Black "Ozugur, Bartu Okan"]
[Result "0-1"]
[WhiteElo "1074"]
[BlackElo "1197"]
[PlyCount "70"]
[EventDate "2022.09.16"]
[EventType "swiss"]
[EventRounds "11"]
[EventCountry "GEO"]
[SourceTitle "EXT 2023"]
[Source "ChessBase"]
[SourceDate "2022.10.05"]
[SourceVersion "1"]
[SourceVersionDate "2022.10.05"]
[SourceQuality "1"]

1. e4 e6 2. d4 d5 3. e5 c5 4. Nf3 cxd4 5. Qxd4 Nc6 6. Bb5 Bd7 7. Bxc6 bxc6 8. 0-0 c5 9. Qf4 h6 10. c3 Ne7 11. Nh4 Nc6 12. Nf3 Qc7 13. Be3 Rb8 14. b3 Qa5 15. Bd2 Qb6 16. Na3 c4 17. bxc4 Bxa3 18. cxd5 exd5 19. Rab1 Qd8 20. e6 Bxe6 21. Nd4 Rxb1 22. Rxb1 Nxd4 23. Qxd4 0-0 24. Qxa7 Bd6 25. Qd4 Qa8 26. a4 Rb8 27. Ra1 Rb3 28. c4 Qb8 29. f4 Rb1+ 30. Rxb1 Qxb1+ 31. Kf2 Qa2 32. c5 Bxc5 33. Qxc5 Qxd2+ 34. Kf3 d4 35. a5 Qe3# 0-1